¿Se podría haber concursado Al Capone? (Registro nro. 21235)
[ vista simple ]
| 000 -LEADER | |
|---|---|
| fixed length control field | 00325 a2200109 4500 |
| 001 - CONTROL NUMBER | |
| control field | ART_46339 |
| 005 - DATE AND TIME OF LATEST TRANSACTION | |
| control field | 20260410161808.0 |
| 008 - FIXED-LENGTH DATA ELEMENTS--GENERAL INFORMATION | |
| fixed length control field | 260409a |
| 100 1# - MAIN ENTRY--PERSONAL NAME | |
| Personal name | Vaiser, Lidia |
| 245 10 - TITLE STATEMENT | |
| Title | ¿Se podría haber concursado Al Capone? |
| 773 0# - HOST ITEM ENTRY | |
| Title | Doctrina Societaria y Concursal |
| Related parts | - N°366 (mayo 2018) |
| Record control number | REV4298 |
No hay ítems disponibles.